[Event "Xtracon Chess Open 2017"]
[Site "Helsingor DEN"]
[Date "2017.07.29"]
[Round "9.42"]
[White "Bjerre, Jonas Buhl"]
[Black "Kardoeus, David"]
[Result "1-0"]
[WhiteTitle "FM"]
[WhiteElo "2330"]
[BlackElo "2165"]
[WhiteFideId "1444948"]
[BlackFideId "12912050"]
[EventDate "2017.07.22"]

1. e4 c5 2. Nf3 Nc6 3. d4 cxd4 4. Nxd4 Nf6 5. Nc3 e5 6. Ndb5 d6 7. Bg5 a6 8. Na3
b5 9. Nd5 Be7 10. Bxf6 Bxf6 11. c3 Bg5 12. Nc2 O-O 13. a4 bxa4 14. Rxa4 a5 15.
Bc4 Rb8 16. b3 g6 17. O-O Kh8 18. Qe2 f5 19. exf5 Bxf5 20. Nce3 Be6 21. Rd1 Qd7
22. Nf1 e4 23. Qxe4 Bf5 24. Qe2 Ne5 25. Nfe3 Be6 26. Rxa5 Nxc4 27. Nxc4 Rxb3 28.
Ndb6 Bxc4 29. Qxc4 Rxb6 30. Qd4+ Qg7 31. Qxb6 Bd8 32. Qb4 Bxa5 33. Qxa5 Qf6 34.
Rd2 Qe6 35. Qa1 Re8 36. h3 Rc8 37. Rd3 Qc4 38. Rxd6 Qxc3 39. Rd8+ Kg7 40. Rd7+
Kg8 41. Qa2+ Qc4 42. Qa7 Qc1+ 43. Kh2 Qf4+ 44. g3 Qf6 45. Qa2+ Kh8 46. Rf7 Qd4
47. Qe6 Rd8 48. Qe7 Kg8 49. h4 Rb8 50. Kh3 Qa1 51. Kg2 Qd4 52. Kh2 Ra8 53. h5
gxh5 54. Qe6 Qg4 55. Rf5+ Kh8 56. Qd5 Re8 57. Rg5 Qb4 58. Rxh5 Qe4 59. Qf7 Rg8
60. Qf6+ Rg7 61. Rg5 Qe7 62. Qxg7+ Qxg7 63. Rxg7 Kxg7 64. Kh3 Kf6 65. Kh4 Kg6
66. Kg4 Kh6 67. Kf5 Kh5 68. f3 Kh6 69. g4 Kg7 70. Kg5 Kf7 71. Kh6 Kg8 72. g5 Kh8
73. g6 hxg6 74. Kxg6 Kg8 75. Kf6 Kf8 76. f4 Kg8 77. Ke7 1-0

[Event "Xtracon Chess Open 2017"]
[Site "Helsingor DEN"]
[Date "2017.07.29"]
[Round "9.43"]
[White "Pantzar, Milton"]
[Black "Bogdanov, Dimitri"]
[Result "0-1"]
[WhiteTitle "FM"]
[WhiteElo "2313"]
[BlackElo "2139"]
[WhiteFideId "1721003"]
[BlackFideId "1405829"]
[EventDate "2017.07.22"]

1. e4 g6 2. d4 Bg7 3. Nf3 d6 4. Bc4 Nf6 5. Qe2 O-O 6. e5 dxe5 7. dxe5 Nd5 8.
Nbd2 Nf4 9. Qe4 Nxg2+ 10. Kf1 Bh3 11. Kg1 Bh6 12. Nf1 Bxc1 13. Rxc1 e6 14. Ng3
f5 15. Qxb7 Nd7 16. Bf1 Nf4 17. Qb4 Nd5 18. Qd2 Bg4 19. Nd4 Nxe5 20. Bg2 f4 21.
f3 fxg3 22. fxg4 Rf2 23. Qe1 Rxg2+ 24. Kxg2 Nf4+ 25. Kxg3 Qxd4 26. Rd1 Nh5+ 27.
gxh5 Qg4+ 28. Kf2 Rf8+ 29. Ke3 Rf3+ 30. Kd2 Qf4+ 31. Ke2 Qe3# 0-1

[Event "Xtracon Chess Open 2017"]
[Site "Helsingor DEN"]
[Date "2017.07.29"]
[Round "9.44"]
[White "Rewitz, Poul"]
[Black "Ivarsson, Torbjorn"]
[Result "1-0"]
[WhiteTitle "FM"]
[WhiteElo "2310"]
[BlackElo "2145"]
[WhiteFideId "1401033"]
[BlackFideId "1705865"]
[EventDate "2017.07.22"]

1. d4 e6 2. g3 f5 3. Bg2 Nf6 4. Nh3 c5 5. d5 e5 6. d6 Qb6 7. Na3 Qxd6 8. Qxd6
Bxd6 9. Nb5 Ke7 10. Be3 Na6 11. O-O-O Bb8 12. Bg5 Nb4 13. Nc3 h6 14. Bxf6+ Kxf6
15. e4 g6 16. f4 d6 17. Rhf1 Ke7 18. Nf2 exf4 19. exf5 fxg3 20. hxg3 gxf5 21.
Nd3 Nxd3+ 22. Rxd3 a6 23. Nd5+ Kd8 24. Nb6 Ra7 25. Bh3 Bc7 26. Nc4 Be6 27. Ne3
c4 28. Rd4 f4 29. Bxe6 fxe3 30. Kd1 b5 31. Ke2 Bb6 32. Rxd6+ Kc7 33. Rfd1 Rf8
34. Bg4 Rf2+ 35. Ke1 Rh2 36. Bf3 Ba5+ 37. c3 Rd2 38. Rc6+ Kd7 39. Rxd2+ exd2+
40. Kxd2 Bd8 41. Ke3 Bg5+ 42. Kd4 Bc1 43. b3 cxb3 44. axb3 a5 45. Rg6 Rc7 46.
Be2 b4 47. Bg4+ Kd8 48. Rg8+ Ke7 49. c4 Bd2 50. Bf5 Be1 51. Rg6 Bf2+ 52. Ke4 a4
53. Kf3 axb3 54. Kxf2 Rxc4 55. Re6+ Kf7 56. Re2 Kf6 57. Bh7 Rc3 58. Rb2 Ke5 59.
Kg2 Kd4 60. Kh3 Rc8 61. Rxb3 Kc4 62. Rb1 Rh8 63. Bf5 Re8 64. Rc1+ Kd4 65. Rd1+
Kc3 66. Rd3+ Kc4 67. Rd6 Re5 68. Bh7 h5 69. Kh4 b3 70. Rb6 Kc3 71. Rc6+ Kd2 72.
Rb6 Kc3 73. Bg6 b2 74. Rb8 Rd5 75. Rb7 Ra5 76. Rc7+ Kb3 77. Bb1 Ra1 78. Bc2+ Kb4
79. Kxh5 Rc1 80. Rb7+ Kc3 81. Bf5 Rh1+ 82. Kg5 Rh2 83. g4 1-0

[Event "Xtracon Chess Open 2017"]
[Site "Helsingor DEN"]
[Date "2017.07.29"]
[Round "9.45"]
[White "Dahl, Trygve"]
[Black "Sorensen, Hampus"]
[Result "0-1"]
[WhiteElo "2292"]
[BlackElo "2137"]
[WhiteFideId "1513427"]
[BlackFideId "8703884"]
[EventDate "2017.07.22"]

1. e4 e5 2. Nf3 Nc6 3. Bc4 Bc5 4. b4 Bxb4 5. c3 Ba5 6. O-O Nf6 7. d4 exd4 8. e5
Ne4 9. Ba3 d5 10. exd6 Nxd6 11. Re1+ Be6 12. Bxe6 fxe6 13. Rxe6+ Kd7 14. Re2 Re8
15. Nxd4 Nxd4 16. cxd4 Rxe2 17. Qxe2 Qe7 18. Qg4+ Qe6 19. Qxg7+ Nf7 20. h3 c5
21. Kh2 c4 22. Bc1 Qg6 23. Qxg6 hxg6 24. Na3 Rc8 25. Rb1 Nd6 26. Bf4 Bb6 27. Rc1
c3 28. Bxd6 Kxd6 29. Nb5+ Ke6 30. Rxc3 Rxc3 31. Nxc3 Bxd4 32. Ne4 b5 33. Kg3 a5
34. Kf3 Kd5 35. Nd2 a4 36. Ke2 b4 37. f3 b3 38. a3 Bc5 39. Nb1 Kc4 40. Kd2 Bd6
41. Kd1 g5 42. Kd2 Bf4+ 43. Ke2 b2 44. g3 Bxg3 45. Kd2 Kb3 46. Kd3 Be1 47. f4
gxf4 48. h4 Bxh4 49. Nd2+ Ka2 50. Kc2 Be1 51. Nb1 f3 0-1

[Event "Xtracon Chess Open 2017"]
[Site "Helsingor DEN"]
[Date "2017.07.29"]
[Round "9.46"]
[White "Hobber, Anders"]
[Black "Laverton, Christian"]
[Result "1-0"]
[WhiteTitle "FM"]
[WhiteElo "2278"]
[BlackElo "2133"]
[WhiteFideId "1505424"]
[BlackFideId "1506846"]
[EventDate "2017.07.22"]

1. d4 d5 2. Nf3 Nf6 3. e3 c5 4. c4 e6 5. Nc3 Nc6 6. a3 a6 7. dxc5 Bxc5 8. b4 Be7
9. Bb2 O-O 10. cxd5 exd5 11. Be2 Bf5 12. O-O Qd6 13. Rc1 Rfd8 14. Nd4 Bd7 15.
Na4 Ne5 16. Nc5 Bc8 17. Nf3 Nfg4 18. Nxe5 Nxe5 19. f4 Nc6 20. Bf3 Rb8 21. Qc2
Bf6 22. Bxf6 Qxf6 23. Rfd1 Ne7 24. Ne4 Qg6 25. Qc7 Be6 26. Qxe7 Re8 27. Qg5 dxe4
28. Qxg6 hxg6 29. Bxe4 Bg4 30. Rd4 Re7 31. h3 Be2 32. Kf2 Bb5 33. Bd5 Kf8 34.
Bf3 f6 35. Rd6 Ke8 36. Bd5 Rd8 37. Rxd8+ Kxd8 38. e4 Rd7 39. Ke3 Ke7 40. Rc8 Kd6
41. Kd4 Re7 42. e5+ 1-0

[Event "Xtracon Chess Open 2017"]
[Site "Helsingor DEN"]
[Date "2017.07.29"]
[Round "9.47"]
[White "Malmstig, Erik"]
[Black "Lien, Kjell Hakon"]
[Result "1-0"]
[WhiteTitle "FM"]
[WhiteElo "2266"]
[BlackElo "2120"]
[WhiteFideId "1702866"]
[BlackFideId "1510444"]
[EventDate "2017.07.22"]

1. d4 c6 2. g3 d5 3. Bg2 Nf6 4. Nh3 g6 5. Nd2 Bg7 6. c3 O-O 7. Nf4 Nbd7 8. Nd3
e5 9. e3 e4 10. Nf4 Re8 11. O-O Nf8 12. h3 Bf5 13. a4 h5 14. Re1 Qd7 15. Kh2 Ne6
16. b3 Bf8 17. Ba3 Bxa3 18. Rxa3 Qd6 19. b4 Nxf4 20. exf4 h4 21. Nf1 hxg3+ 22.
fxg3 Kg7 23. Ne3 Bd7 24. Rf1 Rh8 25. Ra2 a5 26. Rb2 axb4 27. cxb4 Qc7 28. Rbf2
Qb6 29. Rb2 Qd8 30. f5 g5 31. a5 Qc7 32. Qc1 Nh5 33. f6+ Kg6 34. Qe1 Qc8 35. Rc2
Be6 36. Qf2 Qd7 37. Rc3 Bxh3 38. Kg1 Bxg2 39. Qxg2 Nxf6 40. Nf5 Rh7 41. Qf2 Qe6
42. Ne7+ Kg7 43. Nf5+ Kf8 44. Qd2 Rh5 45. b5 g4 46. a6 cxb5 47. axb7 Rb8 48.
Rc8+ 1-0

[Event "Xtracon Chess Open 2017"]
[Site "Helsingor DEN"]
[Date "2017.07.29"]
[Round "9.48"]
[White "Halfhide, Sebastian"]
[Black "Mejvik, Jacob"]
[Result "1-0"]
[WhiteElo "2253"]
[BlackElo "2085"]
[WhiteFideId "1045946"]
[BlackFideId "1710621"]
[EventDate "2017.07.22"]

1. e4 e5 2. Nf3 Nc6 3. Bb5 a6 4. Ba4 Nf6 5. O-O Be7 6. Re1 b5 7. Bb3 d6 8. c3
O-O 9. h3 Na5 10. Bc2 d5 11. d3 dxe4 12. dxe4 Qxd1 13. Bxd1 Bd6 14. Nbd2 Nb7 15.
Nf1 Nc5 16. Bc2 Bb7 17. Ng3 Rfe8 18. Bg5 Nfd7 19. Rad1 h6 20. Bc1 Nf6 21. Nh4
Bf8 22. Nhf5 a5 23. f3 a4 24. Ne3 c6 25. Ngf5 Rad8 26. Ng4 Nxg4 27. hxg4 Bc8 28.
b4 axb3 29. axb3 Be6 30. b4 Nb7 31. Be3 Nd6 32. Nxd6 Bxd6 33. Ra1 Ra8 34. Red1
Bc7 35. Kf2 f6 36. Bc5 Kf7 37. Ke3 Reb8 38. Rdb1 Rd8 39. g3 Bc4 40. Rh1 Ke6 41.
Rhe1 Rh8 42. Red1 Rhe8 43. f4 Rxa1 44. f5+ Kf7 45. Rxa1 Rc8 46. Ra7 Ke8 47. Bd1
Kd7 48. Be2 Bb3 49. c4 bxc4 50. Kd2 Rb8 51. Kc3 Kc8 52. Bxc4 Bxc4 53. Kxc4 Kd7
54. Ra2 Re8 55. Ra7 Rb8 56. Ra3 Re8 57. Rd3+ Kc8 58. b5 cxb5+ 59. Kxb5 Bd8 60.
Kc6 Be7 61. Ra3 Kb8 62. Kd7 1-0

[Event "Xtracon Chess Open 2017"]
[Site "Helsingor DEN"]
[Date "2017.07.29"]
[Round "9.49"]
[White "Ingebretsen, Jens E"]
[Black "Thogersen, Rasmus"]
[Result "0-1"]
[WhiteElo "2053"]
[BlackElo "2222"]
[WhiteFideId "1522965"]
[BlackFideId "1431412"]
[EventDate "2017.07.22"]

1. e4 e5 2. Nf3 Nc6 3. Bc4 Bc5 4. O-O Nf6 5. d3 d6 6. c3 a6 7. Bb3 Ba7 8. Nbd2
h6 9. h3 g5 10. Re1 g4 11. hxg4 Nxg4 12. Re2 Qf6 13. Nf1 Rg8 14. d4 exd4 15.
Nxd4 Nxd4 16. cxd4 Bxd4 17. Qc2 Ne5 18. g3 Nf3+ 19. Kh1 Qh4+ 20. Kg2 Qh3+ 21.
Kxf3 Qh1+ 0-1

[Event "Xtracon Chess Open 2017"]
[Site "Helsingor DEN"]
[Date "2017.07.29"]
[Round "9.50"]
[White "Leutwyler, Martin"]
[Black "Verhasselt, Karsten"]
[Result "1/2-1/2"]
[WhiteElo "2198"]
[BlackElo "2079"]
[WhiteFideId "1301969"]
[BlackFideId "228893"]
[EventDate "2017.07.22"]

1. d4 Nf6 2. c4 g6 3. Nc3 d5 4. cxd5 Nxd5 5. e4 Nxc3 6. bxc3 Bg7 7. Nf3 O-O 8.
Be3 c5 9. Rc1 Qa5 10. Qd2 cxd4 11. cxd4 Qxd2+ 12. Kxd2 Rd8 13. Bb5 Nc6 14. Bxc6
bxc6 15. Rc5 Rb8 16. Rhc1 Rb2+ 17. R1c2 Rxc2+ 18. Kxc2 e6 19. e5 Bb7 20. Ra5 a6
21. Rc5 Bf8 22. Rc4 Rd5 23. Nd2 f5 24. exf6 e5 25. dxe5 Rxe5 26. Rd4 Rd5 27.
Rxd5 cxd5 28. Bd4 Kf7 29. Kc3 Bd6 30. h4 h6 31. Nf3 Bc8 32. Nd2 Bd7 33. Nf1 Bf4
34. g3 Bh3 35. Nh2 Bd6 36. Nf3 Bg4 37. Ne1 Be2 38. Ng2 Bc4 39. Kb2 Ke6 40. Ne3
Be2 41. Kb3 Bf3 42. Ka4 Be2 43. Kb3 Bf3 44. Kc3 Be2 45. Kd2 Bf3 46. Nc2 Be4 47.
Ne3 Bf3 48. Nf1 Bb4+ 49. Kc2 Be2 50. Ne3 Bd6 51. f4 Bb4 52. g4 Bf3 53. g5 h5 54.
f5+ Kf7 55. fxg6+ Kxg6 56. Bc3 Bc5 57. Nd1 Bxd1+ 58. Kxd1 Bf2 59. Be1 Bc5 60.
Ke2 Bd4 61. Bf2 Be5 62. Ke3 Kf7 63. Kd3 Kg6 64. Kc2 Kf7 65. Kb3 Bd6 66. Ka4 Bc7
67. Kb4 Bd6+ 68. Ka5 Be5 69. Kb4 Bd6+ 70. Kb3 Bf4 71. a4 Bd2 72. Kc2 Ba5 73. Kd3
Ke6 74. Bg3 Bb6 75. Be1 Kf7 76. Ke2 Bd4 77. Kf3 Ke6 78. Bf2 Be5 79. Bg3 Bd4 80.
Bb8 Bc3 81. Ba7 Be1 82. Bf2 Bc3 83. Ke3 Ba5 84. Kd3 Bc7 85. Kc3 Ba5+ 86. Kb3 Bd2
87. Bg3 Ba5 88. Kc2 Kf7 89. Kd3 Bb6 90. Be1 Ke6 91. Bg3 Kf7 92. Ke2 Ke6 93. Kf3
Bd4 94. Bc7 Bc3 95. Bd8 Be5 96. Bb6 Kf7 97. Bf2 Ke6 98. Ke3 Bc7 99. Kd3 Ba5 100.
Bg3 Bb6 101. Kc2 Ba5 102. Kb3 Bd2 103. Bf2 Ba5 104. Kc2 Kf7 105. Kd3 Ke6 106.
Ke2 Bc3 107. Kf3 Be5 108. Bg3 Bd4 109. Bf2 Be5 110. Bg3 Bd4 111. Bf2 Be5 112.
Bc5 Bc3 113. Bf2 Be5 1/2-1/2

[Event "Xtracon Chess Open 2017"]
[Site "Helsingor DEN"]
[Date "2017.07.29"]
[Round "9.51"]
[White "Thaler, Toni"]
[Black "Miskulin, Dennis"]
[Result "0-1"]
[WhiteElo "2041"]
[BlackElo "2198"]
[WhiteFideId "1303864"]
[BlackFideId "1705520"]
[EventDate "2017.07.22"]

1. d4 Nf6 2. c4 g6 3. f3 Bg7 4. e4 d6 5. Ne2 O-O 6. Be3 c5 7. d5 e6 8. Nec3 exd5
9. cxd5 Nbd7 10. Be2 a6 11. a4 Re8 12. O-O Ne5 13. Na3 h5 14. h3 Nh7 15. f4 Nd7
16. Bf3 f5 17. Qc2 Ndf6 18. e5 dxe5 19. fxe5 Rxe5 20. Bxc5 Qc7 21. Bf2 Re8 22.
Rad1 Ng5 23. Be2 Nfe4 24. Bc4 Nd6 25. Bb3 Bd7 26. Kh1 Rac8 27. Bd4 Bxd4 28. Rxd4
Kg7 29. Nc4 Nde4 30. d6 Ng3+ 31. Kg1 Qc5 32. Rd1 Ne6 33. Qf2 Nxd4 34. Rxd4 Ne4
35. Nxe4 Rxe4 36. Rxe4 fxe4 37. Qxc5 Rxc5 38. Ne3 Rc6 39. Bd5 Rxd6 40. Bxb7 Rb6
41. Bxe4 Re6 0-1

[Event "Xtracon Chess Open 2017"]
[Site "Helsingor DEN"]
[Date "2017.07.29"]
[Round "9.52"]
[White "Hoti, Nimon"]
[Black "Schroeder, Christoph"]
[Result "0-1"]
[WhiteElo "1953"]
[BlackElo "2196"]
[WhiteFideId "1510746"]
[BlackFideId "4605250"]
[EventDate "2017.07.22"]

1. e4 c5 2. d4 cxd4 3. Nf3 Nc6 4. Bc4 Nf6 5. Qe2 e6 6. c3 dxc3 7. Nxc3 Bb4 8.
O-O O-O 9. Rd1 Bxc3 10. bxc3 d5 11. Bb3 Nxe4 12. c4 Nc3 13. Qf1 Nxd1 14. Bxd1
dxc4 15. Ba3 Qd3 16. Bxf8 Qxf1+ 17. Kxf1 Kxf8 18. Rb1 b6 19. Ba4 Bb7 20. Ng5 Ke7
21. Rc1 Rd8 22. Ke2 Nd4+ 23. Kf1 b5 24. Bd1 f6 25. Nh3 e5 26. f4 e4 27. Kf2 Nf5
28. g4 e3+ 29. Ke1 Nh4 30. a4 a6 31. axb5 axb5 32. f5 Rd2 33. Nf4 Rf2 34. Ra1
Rxf4 35. Ra7 Ng2+ 0-1

[Event "Xtracon Chess Open 2017"]
[Site "Helsingor DEN"]
[Date "2017.07.29"]
[Round "9.53"]
[White "Gula, Julian"]
[Black "Andersen, Morten"]
[Result "1/2-1/2"]
[WhiteElo "1869"]
[BlackElo "2193"]
[WhiteFideId "12954799"]
[BlackFideId "1504908"]
[EventDate "2017.07.22"]

1. e4 e5 2. Nf3 Nc6 3. Bc4 Bc5 4. c3 Nf6 5. d3 a6 6. Bb3 O-O 7. Nbd2 Ba7 8. h3
d5 9. O-O h6 10. Qe2 d4 11. Kh2 Re8 12. g3 Qd7 13. Ng1 b5 14. c4 Na5 15. Bc2
bxc4 16. Nxc4 Nxc4 17. dxc4 Bc5 18. Bd3 Rb8 1/2-1/2

[Event "Xtracon Chess Open 2017"]
[Site "Helsingor DEN"]
[Date "2017.07.29"]
[Round "9.54"]
[White "Moe, Mogens"]
[Black "Nielsen, Jorgen Lovgren"]
[Result "1/2-1/2"]
[WhiteTitle "FM"]
[WhiteElo "2188"]
[BlackElo "2063"]
[WhiteFideId "1400550"]
[BlackFideId "1403850"]
[EventDate "2017.07.22"]

1. e4 e5 2. Nf3 Nc6 3. d4 exd4 4. Nxd4 Bc5 5. Nb3 Bb6 6. Nc3 Nf6 7. a4 a6 8. Be2
h6 9. O-O d6 10. a5 Ba7 11. Kh1 Be6 12. Ra4 Bxb3 13. cxb3 Qd7 14. Nd5 Nxd5 15.
exd5 Ne7 16. Rg4 g6 17. Be3 Bxe3 18. fxe3 O-O 19. e4 Kh7 20. Qd2 f5 21. Rh4 Ng8
22. exf5 Rxf5 23. Rxf5 Qxf5 24. Rf4 Qd7 25. h4 Qg7 26. Bd3 Rf8 27. Rxf8 Qxf8 28.
h5 Ne7 29. Qc2 Nxd5 30. Be4 Qf6 31. g3 c6 32. Bxd5 cxd5 33. Qc7+ Kg8 1/2-1/2

[Event "Xtracon Chess Open 2017"]
[Site "Helsingor DEN"]
[Date "2017.07.29"]
[Round "9.55"]
[White "Rolvag, Mikael"]
[Black "Subramanian, Aditya"]
[Result "0-1"]
[WhiteElo "2182"]
[BlackElo "2054"]
[WhiteFideId "1500481"]
[BlackFideId "1718924"]
[EventDate "2017.07.22"]

1. c4 Nf6 2. d4 e6 3. Nf3 d5 4. Bg5 Bb4+ 5. Nc3 dxc4 6. e4 c5 7. d5 exd5 8. exd5
O-O 9. Bxc4 Re8+ 10. Kf1 Bxc3 11. bxc3 Qd6 12. Bxf6 Qxf6 13. Bb5 Nd7 14. Qd2 a6
15. Be2 b5 16. h4 Nb6 17. Ng5 Bf5 18. g4 Be4 19. Rh3 Bxd5 20. Bd3 h6 21. Nh7 Qc6
22. Rg3 Rad8 23. g5 Kh8 24. gxh6 Qxh6 25. Ng5 f6 26. Re1 fxg5 0-1

[Event "Xtracon Chess Open 2017"]
[Site "Helsingor DEN"]
[Date "2017.07.29"]
[Round "9.56"]
[White "Andersen, Dag"]
[Black "Petersen, Peter Birk"]
[Result "1/2-1/2"]
[WhiteElo "1855"]
[BlackElo "2179"]
[WhiteFideId "1504568"]
[BlackFideId "1401696"]
[EventDate "2017.07.22"]

1. d4 Nf6 2. Nf3 g6 3. Bg5 Bg7 4. Nbd2 d6 5. c3 O-O 6. e4 c5 7. Bd3 cxd4 8. cxd4
Nc6 9. O-O h6 10. Be3 Ng4 11. Qe2 Nxe3 12. Qxe3 Bg4 13. Rac1 Rc8 14. Bb1 Bxf3
15. Nxf3 Qb6 16. Rc4 Na5 17. Rxc8 Rxc8 18. b3 e5 19. d5 Qxe3 20. fxe3 Rc3 21.
Kf2 h5 22. Ke2 Bh6 23. Bd3 b5 24. Kd2 b4 25. Ne1 Nb7 26. Rf3 a5 27. g3 Nc5 28.
Bc2 Kg7 29. Ng2 a4 30. bxa4 Ra3 31. Bb3 Nxa4 32. Kd3 Nc5+ 1/2-1/2

[Event "Xtracon Chess Open 2017"]
[Site "Helsingor DEN"]
[Date "2017.07.29"]
[Round "9.57"]
[White "Palozza, Christian"]
[Black "Grundekjon, Christian"]
[Result "1-0"]
[WhiteElo "2178"]
[BlackElo "2035"]
[WhiteFideId "895580"]
[BlackFideId "1512625"]
[EventDate "2017.07.22"]

1. Nf3 e6 2. d4 c5 3. c4 cxd4 4. Nxd4 Nc6 5. Nc3 Nf6 6. g3 d5 7. Bg2 Qb6 8. Nxc6
bxc6 9. O-O Be7 10. Rb1 O-O 11. b4 Rd8 12. b5 Qc5 13. Na4 Qxc4 14. b6 Qa6 15.
Bf4 axb6 16. Nxb6 Ra7 17. a4 Nd7 18. Nxc8 Rxc8 19. Ra1 Bf6 20. Ra2 Nb6 21. e4
Nxa4 22. e5 Be7 23. Qa1 Rca8 24. Rb1 c5 25. Bf1 c4 26. Be3 Rd7 27. Be2 d4 28.
Bxd4 Qc8 29. Be3 Nc3 30. Rxa8 Nxe2+ 31. Kf1 1-0

[Event "Xtracon Chess Open 2017"]
[Site "Helsingor DEN"]
[Date "2017.07.29"]
[Round "9.58"]
[White "Amin, Idris"]
[Black "Kistrup, Nicolai"]
[Result "0-1"]
[WhiteElo "1819"]
[BlackElo "2177"]
[WhiteFideId "1746022"]
[BlackFideId "1444816"]
[EventDate "2017.07.22"]

1. e4 e5 2. Bc4 Nf6 3. d3 Nc6 4. a3 d5 5. exd5 Nxd5 6. b4 Nd4 7. c3 Ne6 8. Nf3
Qd6 9. Bxd5 Qxd5 10. c4 Qd6 11. c5 Qd8 12. Nxe5 Be7 13. Be3 a5 14. Nd2 Bf6 15.
Ndf3 O-O 16. O-O Qd5 17. d4 Rd8 18. Qe2 b6 19. Rfd1 Bb7 20. Ng4 Be7 21. Rac1 Qe4
22. c6 Bxc6 23. Nge5 Bd5 24. b5 Bxa3 25. Rc3 Bb4 26. Rcc1 Bd6 27. Qf1 f6 28. Nd2
Qh4 29. Nef3 Qh5 30. h3 a4 31. g4 Qf7 32. Qe2 Re8 33. Nc4 Nf4 34. Qd2 Nxh3+ 35.
Kg2 Bxc4 36. Kxh3 h5 37. g5 Qe6+ 38. Kg2 Qg4+ 0-1

[Event "Xtracon Chess Open 2017"]
[Site "Helsingor DEN"]
[Date "2017.07.29"]
[Round "9.59"]
[White "Christiansen, Johan-Sebastian"]
[Black "Jensen, Morten Frank"]
[Result "1-0"]
[WhiteTitle "IM"]
[WhiteElo "2471"]
[BlackElo "2063"]
[WhiteFideId "1512668"]
[BlackFideId "1407325"]
[EventDate "2017.07.22"]

1. e4 d5 2. exd5 Nf6 3. d4 Nxd5 4. c4 Nb6 5. Nf3 g6 6. c5 Nd5 7. Bc4 c6 8. Qb3
Bg7 9. Nc3 e6 10. Bg5 Qa5 11. h4 b5 12. Bd3 h6 13. Bd2 Qc7 14. a4 bxa4 15. Rxa4
Nxc3 16. Bxc3 Nd7 17. O-O O-O 18. Ba5 Qf4 19. Qc2 Qf6 20. Bc7 Re8 21. Be4 Nb8
22. Rfa1 g5 23. Qb3 g4 24. Ne5 Qf4 25. d5 Bxe5 26. Bh7+ Kxh7 27. Rxf4 Bxf4 28.
Bxf4 e5 29. Re1 f6 30. dxc6 Re7 31. Qd3+ Kg7 32. h5 1-0

[Event "Xtracon Chess Open 2017"]
[Site "Helsingor DEN"]
[Date "2017.07.29"]
[Round "9.60"]
[White "Haubro, Martin"]
[Black "Salerno, Christian"]
[Result "1-0"]
[WhiteTitle "IM"]
[WhiteElo "2365"]
[BlackElo "2056"]
[WhiteFideId "1414291"]
[BlackFideId "1310810"]
[EventDate "2017.07.22"]

1. e4 e6 2. d4 d5 3. Nc3 Nf6 4. e5 Nfd7 5. f4 c5 6. Nf3 Nc6 7. Be3 h6 8. Qd2
cxd4 9. Nxd4 g5 10. g3 gxf4 11. gxf4 Nxd4 12. Bxd4 a6 13. O-O-O b5 14. Kb1 Qa5
15. Rg1 Nb6 16. Nxd5 1-0

[Event "Xtracon Chess Open 2017"]
[Site "Helsingor DEN"]
[Date "2017.07.29"]
[Round "9.61"]
[White "Kocur, Johan"]
[Black "Matthiesen, Martin"]
[Result "0-1"]
[BlackTitle "FM"]
[WhiteElo "2055"]
[BlackElo "2349"]
[WhiteFideId "202614"]
[BlackFideId "1404067"]
[EventDate "2017.07.22"]

1. Nf3 c5 2. c4 Nc6 3. Nc3 g6 4. e3 Nf6 5. d4 cxd4 6. exd4 d5 7. Bg5 Be6 8. Bxf6
exf6 9. Qb3 Bb4 10. O-O-O Bxc3 11. Qxc3 O-O 12. cxd5 Qxd5 13. b3 Rfc8 14. Kb2
Ne7 15. Qd2 Qd6 16. h4 a5 17. a4 Qd5 18. Qe3 Nf5 19. Qd3 Ra6 20. Qb5 Qd6 21. d5
Bd7 22. Qd3 Rb6 23. Nd2 Qe5+ 24. Ka3 Rc3 25. Nc4 Rbxb3+ 26. Ka2 Rxd3 27. Rxd3
Rxd3 28. Nxe5 Rd2+ 29. Kb3 fxe5 0-1

[Event "Xtracon Chess Open 2017"]
[Site "Helsingor DEN"]
[Date "2017.07.29"]
[Round "9.62"]
[White "Saren, Bjorn"]
[Black "Tryggestad, Andreas Garberg"]
[Result "0-1"]
[BlackTitle "FM"]
[WhiteElo "2051"]
[BlackElo "2324"]
[WhiteFideId "1712071"]
[BlackFideId "1513338"]
[EventDate "2017.07.22"]

1. e4 c5 2. Nf3 e6 3. d4 cxd4 4. Nxd4 Nc6 5. Nc3 Qc7 6. Ndb5 Qb8 7. Be3 a6 8.
Bb6 axb5 9. Nxb5 Bb4+ 10. c3 Ba5 11. Nc7+ Qxc7 12. Bxc7 Bxc7 13. Qg4 Kf8 14. Bb5
Nf6 15. Qe2 g6 16. O-O d5 17. exd5 Nxd5 18. a4 Bd7 19. b4 Nxc3 20. Qb2 Be5 21.
Bxc6 Bxc6 22. Rac1 Bb5 23. Rxc3 Bxf1 24. Kxf1 Ke7 25. a5 Rac8 26. Rxc8 Bxb2 27.
Rc7+ Kd6 28. Rxb7 Bd4 29. b5 Ra8 30. a6 Ra7 31. Rb8 Kc7 32. Rf8 Kb6 33. Rb8+ Ka5
34. Ke2 Bb6 0-1

[Event "Xtracon Chess Open 2017"]
[Site "Helsingor DEN"]
[Date "2017.07.29"]
[Round "9.63"]
[White "Roder, Peter Ulrik"]
[Black "Veng, Johnni"]
[Result "0-1"]
[BlackTitle "FM"]
[WhiteElo "2048"]
[BlackElo "2279"]
[WhiteFideId "1402471"]
[BlackFideId "1408623"]
[EventDate "2017.07.22"]

1. d4 Nf6 2. Nf3 g6 3. g3 Bg7 4. Bg2 O-O 5. O-O d6 6. c4 Nc6 7. Nc3 Rb8 8. d5
Na5 9. Nd2 c5 10. h3 a6 11. Rb1 b5 12. cxb5 axb5 13. b4 Nd7 14. Qc2 cxb4 15.
Rxb4 Qc7 16. Bb2 Ba6 17. Rc1 Rfc8 18. Qd1 Nc4 19. Nxc4 bxc4 20. Rxb8 Rxb8 21.
Ba1 Qa5 22. Qc2 Nc5 23. Kh2 Qa3 24. Nb1 Qa4 25. Bxg7 Qxc2 26. Rxc2 Kxg7 27. Nc3
f5 28. f4 Rb6 29. Kg1 Bb7 30. Kf2 Ra6 31. Bf3 Kf6 32. Ke3 Ra5 33. Kd4 Ba6 34.
Ke3 Ra3 35. Kd2 Bb7 36. Nb5 Ra5 37. Nc3 e5 38. dxe6 Bxf3 39. exf3 Kxe6 40. Ke3
d5 41. Kd4 Kd6 42. Ne2 Ra3 0-1

[Event "Xtracon Chess Open 2017"]
[Site "Helsingor DEN"]
[Date "2017.07.29"]
[Round "9.64"]
[White "Rosenkilde, Alexander"]
[Black "Schack, Asbjorn Hovgaard"]
[Result "1-0"]
[WhiteElo "2274"]
[BlackElo "2053"]
[WhiteFideId "1408488"]
[BlackFideId "1449575"]
[EventDate "2017.07.22"]

1. d4 Nf6 2. c4 g6 3. Nc3 Bg7 4. Nf3 O-O 5. Bg5 d6 6. e3 c5 7. d5 e5 8. Be2 h6
9. Bxf6 Bxf6 10. Nd2 Bg7 11. h4 f5 12. g4 Na6 13. h5 g5 14. gxf5 Bxf5 15. Nde4
Nc7 16. Ng3 e4 17. Ngxe4 Qe7 18. Bd3 b5 19. Ng3 Bxd3 20. Qxd3 b4 21. Nd1 Be5 22.
Qg6+ Qg7 23. Nf5 Qxg6 24. Ne7+ Kg7 25. Nxg6 Rf5 26. Rc1 Ne8 27. Rc2 Nf6 28. Ne7
Rf3 29. Ke2 g4 30. Rh4 Rh3 31. Nf5+ Kh7 32. Rxh3 gxh3 33. f4 Ne4 34. Kf3 1-0